| 000 | 00640cam a2200217 4500500 | ||
|---|---|---|---|
| 005 | 20260329003056.0 | ||
| 041 | _afre | ||
| 042 | _adc | ||
| 100 | 1 | 0 |
_aLacroix, Alexandre _eauthor |
| 245 | 0 | 0 | _aBhagavad-Gîtâ. Le joyau de la pensée indienne |
| 260 | _c2014. | ||
| 500 | _a29 | ||
| 690 | _aBhagavad-Gîtâ | ||
| 690 | _aInde | ||
| 690 | _aMétaphysique | ||
| 690 | _aMichel Hulin | ||
| 690 | _aReligion | ||
| 690 | _aSagesse | ||
| 786 | 0 | _nPhilosophie magazine | 82 | 9 | 2014-09-01 | p. 51-51 | 1951-1787 | |
| 856 | 4 | 1 | _uhttps://shs.cairn.info/magazine-philosophie-magazine-2014-9-page-51?lang=fr&redirect-ssocas=7080 |
| 999 |
_c1821221 _d1821221 |
||